<?xml version="1.0" encoding="UTF-8"?><?xml-stylesheet type="text/xsl" href="static/style.xsl"?><OAI-PMH xmlns="http://www.openarchives.org/OAI/2.0/" xmlns:xsi="http://www.w3.org/2001/XMLSchema-instance" xsi:schemaLocation="http://www.openarchives.org/OAI/2.0/ http://www.openarchives.org/OAI/2.0/OAI-PMH.xsd"><responseDate>2026-04-14T17:43:26Z</responseDate><request verb="GetRecord" identifier="oai:uvadoc.uva.es:10324/77611" metadataPrefix="marc">https://uvadoc.uva.es/oai/request</request><GetRecord><record><header><identifier>oai:uvadoc.uva.es:10324/77611</identifier><datestamp>2026-03-20T08:32:22Z</datestamp><setSpec>com_10324_38</setSpec><setSpec>col_10324_852</setSpec></header><metadata><record xmlns="http://www.loc.gov/MARC21/slim" xmlns:doc="http://www.lyncode.com/xoai" xmlns:xsi="http://www.w3.org/2001/XMLSchema-instance" xmlns:dcterms="http://purl.org/dc/terms/" xsi:schemaLocation="http://www.loc.gov/MARC21/slim http://www.loc.gov/standards/marcxml/schema/MARC21slim.xsd">
<leader>00925njm 22002777a 4500</leader>
<datafield tag="042" ind1=" " ind2=" ">
<subfield code="a">dc</subfield>
</datafield>
<datafield tag="720" ind1=" " ind2=" ">
<subfield code="a">Cáceres Fernanz, Ángel</subfield>
<subfield code="e">author</subfield>
</datafield>
<datafield tag="260" ind1=" " ind2=" ">
<subfield code="c">2025</subfield>
</datafield>
<datafield tag="520" ind1=" " ind2=" ">
<subfield code="a">El reciente auge de la Inteligencia Artificial (en adelante, IA) ha provocado un giro&#xd;
significativo en el procesamiento de textos en usos profesionales y personales. Este&#xd;
trabajo busca analizar de manera específica el impacto de la IA en el ámbito profesional&#xd;
de la publicidad.&#xd;
Con este fin, se realiza un estudio de opinión centrado en la experiencia del estudiantado&#xd;
actual y egresado de la Universidad de Valladolid (en adelante, Uva) mediante una&#xd;
revisión bibliográfica y la elaboración propia de dos encuestas con un enfoque&#xd;
metodológico mixto.&#xd;
Por último, se analizará la información recogida y se procederá a la extracción de&#xd;
conclusiones sobre la repercusión de la IA en el sector publicitario.&#xd;
El siguiente estudio ofrece una visión sobre cómo la tecnología emergente redefine el&#xd;
presente y futuro comunicativo en un sector en constante evolución.</subfield>
</datafield>
<datafield tag="024" ind2=" " ind1="8">
<subfield code="a">https://uvadoc.uva.es/handle/10324/77611</subfield>
</datafield>
<datafield tag="245" ind1="0" ind2="0">
<subfield code="a">Estudio de opinión sobre la incidencia de la inteligencia artificial en el trabajo publicitario en los tres últimos años</subfield>
</datafield>
</record></metadata></record></GetRecord></OAI-PMH>